000 00806nam a2200253Ia 4500
003 OSt
005 20221005090338.0
006 a|||||r|||| 00| 0
007 ta
008 221004b |||||||| |||| 00| 0 eng d
020 _a0765614286
_c1313.90
024 _a82997
037 _b5992, 30/03/2005, Elite Publishers Distributors
_cTextual
040 _aCRL
_cCRL
_beng
041 _2eng
_aeng
082 _aV495.P1, P5
100 _aKihl Young Whan
_9323347
245 0 _aTransforming Korean politics
_b Democracy, reform and culture
260 _aNew York
_bM. E. Sharpe U. S. A.
_c2005
300 _a404p.
_ccm.
650 _aKOREA - HISTORY
_9474030
942 _hV495.P1, P5
_cTEXL
_2cc
999 _c995658
_d995658